[Event "Oberliga Sued W 1718"]
[Site "Germany"]
[Date "2017.11.12"]
[Round "4.6"]
[White "Kessler, Alexander"]
[Black "Koehler, Patrick"]
[Result "0-1"]
[WhiteElo "1815"]
[BlackElo "2096"]
[PlyCount "72"]
[EventDate "2017.09.10"]
[EventType "team-tourn"]
[EventRounds "11"]
[EventCountry "GER"]
[SourceTitle "EXT 2019"]
[Source "ChessBase"]
[SourceDate "2018.10.10"]
[SourceVersion "1"]
[SourceVersionDate "2018.10.10"]
[SourceQuality "1"]
[WhiteTeam "Illingen Turm"]
[BlackTeam "Landau"]
[WhiteTeamCountry "GER"]
[BlackTeamCountry "GER"]

1. d4 Nf6 2. Bf4 c5 3. e3 Qb6 4. b3 d5 5. Bd3 Nc6 6. c3 Bg4 7. Ne2 e6 8. h3 Bh5 9. Nd2 Be7 10. 0-0 0-0 11. Rc1 Rac8 12. Kh1 Rfe8 13. g4 Bg6 14. Nf3 Ne4 15. Ne5 Nxe5 16. Bxe5 cxd4 17. Bxe4 Bxe4+ 18. f3 d3 19. fxe4 dxe2 20. Qxe2 dxe4 21. Bd4 Qc7 22. Qg2 e5 23. Bxa7 Ra8 24. Qxe4 Rxa7 25. Qf3 Bg5 26. Rc2 Ra6 27. Rd1 e4 28. Qf5 Ra5 29. Qf2 Rf8 30. c4 f5 31. gxf5 Raxf5 32. Qg2 Qe7 33. Rcd2 Bxe3 34. Rd7 Qxd7 35. Rxd7 Rf1+ 36. Kh2 Bf4+ 0-1

[Event "Oberliga Sued W 1415"]
[Site "Germany"]
[Date "2015.02.22"]
[Round "7.2"]
[White "Koehler, Patrick"]
[Black "Schulz, Klaus Juergen"]
[Result "0-1"]
[WhiteElo "2109"]
[BlackElo "2361"]
[PlyCount "68"]
[EventDate "2014.09.21"]
[EventType "team-tourn"]
[EventRounds "9"]
[EventCountry "GER"]
[SourceTitle "EXT 2019"]
[Source "ChessBase"]
[SourceDate "2018.10.10"]
[SourceVersion "1"]
[SourceVersionDate "2018.10.10"]
[SourceQuality "1"]
[WhiteTeam "Mutterstadt"]
[BlackTeam "Heimbach Weis/Neuwied"]
[WhiteTeamCountry "GER"]
[BlackTeamCountry "GER"]

1. d4 d5 2. Nf3 Nf6 3. g3 Bf5 4. Bg2 e6 5. 0-0 Be7 6. c4 c6 7. Nc3 Nbd7 8. Qb3 Qb6 9. c5 Qa6 10. Nh4 0-0 11. Nxf5 exf5 12. Qc2 g6 13. Bg5 Rfe8 14. b4 Qc4 15. Qd2 Ne4 16. Nxe4 dxe4 17. Bf4 Nf8 18. f3 exf3 19. Rac1 Qxe2 20. Rxf3 Qxd2 21. Bxd2 Bf6 22. Rd3 Rad8 23. Bc3 Kg7 24. a4 Ne6 25. Rcd1 Nc7 26. d5 Bxc3 27. Rxc3 Nxd5 28. Rcd3 Re5 29. b5 Kf6 30. a5 a6 31. Bxd5 cxd5 32. b6 Ke6 33. c6 bxc6 34. Rc3 Kd7 0-1

[Event "Oberliga Sued W 1415"]
[Site "Germany"]
[Date "2014.09.21"]
[Round "1.2"]
[White "Koehler, Patrick"]
[Black "Bastian, Herbert"]
[Result "0-1"]
[WhiteElo "2109"]
[BlackElo "2315"]
[PlyCount "78"]
[EventDate "2014.09.21"]
[EventType "team-tourn"]
[EventRounds "9"]
[EventCountry "GER"]
[SourceTitle "EXT 2019"]
[Source "ChessBase"]
[SourceDate "2018.10.10"]
[SourceVersion "1"]
[SourceVersionDate "2018.10.10"]
[SourceQuality "1"]
[WhiteTeam "Mutterstadt"]
[BlackTeam "Saarbruecken SVG"]
[WhiteTeamCountry "GER"]
[BlackTeamCountry "GER"]

1. d4 Nf6 2. c4 g6 3. f3 Bg7 4. e4 0-0 5. Nc3 c5 6. d5 d6 7. Bg5 e6 8. Qd2 h6 9. Be3 Kh7 10. Nge2 exd5 11. cxd5 a6 12. a4 Qa5 13. Ra3 Nbd7 14. Ng3 Ne5 15. Be2 Qb4 16. 0-0 Nc4 17. Bxc4 Qxc4 18. Na2 a5 19. Rc1 Qa6 20. Nc3 Bd7 21. e5 dxe5 22. Bxc5 Rfc8 23. Be7 Ng8 24. d6 Nxe7 25. dxe7 Qe6 26. Rd1 Bc6 27. Qd6 Qxd6 28. Rxd6 Re8 29. Nd5 Bxd5 30. Rxd5 Rxe7 31. Rb3 f5 32. Rb6 e4 33. fxe4 fxe4 34. Kf1 Rc8 35. Rxa5 Rc1+ 36. Ke2 e3 37. Rab5 Rc2+ 38. Kd3 Rd2+ 39. Kc4 Rc7+ 0-1

[Event "Oberliga Sued W 1112"]
[Site "Germany"]
[Date "2012.02.05"]
[Round "6"]
[White "Fritsche, Lutz"]
[Black "Koehler, Patrick"]
[Result "1/2-1/2"]
[WhiteElo "2330"]
[BlackElo "2120"]
[PlyCount "107"]
[EventDate "2011.09.25"]
[EventType "team-tourn"]
[EventRounds "9"]
[EventCountry "GER"]
[SourceTitle "EXT 2013"]
[Source "ChessBase"]
[SourceDate "2012.11.22"]
[SourceVersion "1"]
[SourceVersionDate "2012.11.22"]
[SourceQuality "1"]
[WhiteTeam "Koblenz"]
[BlackTeam "Mutterstadt"]
[WhiteTeamCountry "GER"]
[BlackTeamCountry "GER"]

1. e4 Nf6 2. e5 Nd5 3. c4 Nb6 4. c5 Nd5 5. Nc3 Nxc3 6. bxc3 d6 7. cxd6 exd6 8. Nf3 dxe5 9. Nxe5 Nd7 10. Nf3 Bd6 11. d4 0-0 12. Bg5 Re8+ 13. Be2 Be7 14. Be3 c5 15. 0-0 Qa5 16. Qb3 Nb6 17. Bb5 c4 18. Bxc4 Nxc4 19. Qxc4 Be6 20. Qd3 Rac8 21. Qe4 b6 22. Bd2 Ba3 23. Rfe1 h6 24. c4 Qa4 25. d5 Bd7 26. Qd3 Rxe1+ 27. Rxe1 Bd6 28. Rc1 Qxa2 29. Be3 Qb2 30. Rb1 Qf6 31. Bd4 Qf5 32. Qxf5 Bxf5 33. Rc1 Kf8 34. Ne5 Bc5 35. Bxc5+ Rxc5 36. g4 f6 37. gxf5 fxe5 38. Ra1 Rc7 39. Kf1 Ke7 40. Ke2 Kf6 41. Kd3 Kxf5 42. h4 Rd7 43. Ke3 g5 44. hxg5 hxg5 45. Rh1 Rc7 46. Kd3 b5 47. cxb5 Rc5 48. Ra1 Rxd5+ 49. Ke3 Rxb5 50. Rxa7 Rb3+ 51. Ke2 g4 52. Rf7+ Ke4 53. Rg7 Rb2+ 54. Kf1 1/2-1/2

[Event "Oberliga Sued W 0304"]
[Site "Germany"]
[Date "2003.11.02"]
[Round "2.8"]
[White "Koehler, Patrick"]
[Black "Herbold, Manfred"]
[Result "0-1"]
[WhiteElo "2091"]
[BlackElo "2129"]
[PlyCount "94"]
[EventDate "2003.10.12"]
[EventType "team-tourn"]
[EventRounds "9"]
[EventCountry "GER"]
[SourceTitle "EXT 2006"]
[Source "ChessBase"]
[SourceDate "2005.11.24"]
[SourceVersion "1"]
[SourceVersionDate "2005.11.24"]
[SourceQuality "1"]
[WhiteTeam "Landau"]
[BlackTeam "Ludwigshafen"]
[WhiteTeamCountry "GER"]
[BlackTeamCountry "GER"]

1. d4 e6 2. c4 Nf6 3. Nf3 Bb4+ 4. Bd2 Qe7 5. e3 a5 6. Bd3 Bxd2+ 7. Qxd2 d6 8. Nc3 e5 9. dxe5 dxe5 10. Ng5 c6 11. 0-0 Nfd7 12. f4 h6 13. Nf3 0-0 14. Rad1 Re8 15. Kh1 Na6 16. Bb1 Nac5 17. Qc2 e4 18. Rd4 f5 19. Ng1 Nf6 20. Qe2 Be6 21. Rfd1 Bf7 22. Qe1 Ng4 23. h3 Nf6 24. Nge2 Bh5 25. R4d2 a4 26. Qh4 Rad8 27. Rxd8 Rxd8 28. Rxd8+ Qxd8 29. Nd4 Qd7 30. Qf2 Bf7 31. Qe2 Nd3 32. b3 axb3 33. axb3 Nxf4 34. exf4 Qxd4 35. Nd1 Nh5 36. Kh2 Nxf4 37. Qf1 Qe5 38. g3 Nh5 39. Qf2 Be6 40. Ne3 g5 41. Bc2 Nxg3 42. Qxg3 Qxg3+ 43. Kxg3 f4+ 44. Kg2 fxe3 45. Bxe4 Bxh3+ 46. Kf3 Kg7 47. Kxe3 Kf6 0-1

[Event "Oberliga Sued W 0203"]
[Site "Germany"]
[Date "2003.02.09"]
[Round "7.5"]
[White "Sahm, Philipp"]
[Black "Koehler, Patrick"]
[Result "1/2-1/2"]
[WhiteElo "2052"]
[BlackElo "2226"]
[PlyCount "135"]
[EventDate "2002.10.??"]
[EventType "team-tourn"]
[EventRounds "9"]
[EventCountry "GER"]
[SourceTitle "EXT 2005"]
[Source "ChessBase"]
[SourceDate "2004.11.15"]
[SourceVersion "1"]
[SourceVersionDate "2004.11.15"]
[SourceQuality "1"]

1. e4 c6 2. d4 d5 3. exd5 cxd5 4. Bd3 Nf6 5. Bf4 Nc6 6. c3 Bg4 7. Qb3 Qc8 8. Nd2 e6 9. Ngf3 Be7 10. 0-0 0-0 11. Rae1 a6 12. a4 Na5 13. Qa2 Bxf3 14. Nxf3 b6 15. h3 Qb7 16. Qb1 b5 17. axb5 axb5 18. Be5 g6 19. Qc1 Nd7 20. Bg3 Bf6 21. h4 Rfc8 22. h5 b4 23. hxg6 hxg6 24. Qh6 Bg7 25. Qh3 Nf8 26. c4 Nxc4 27. b3 Na5 28. Bd6 Rc3 29. Ne5 Rd8 30. Bxf8 Rxf8 31. Re3 Bxe5 32. dxe5 Kg7 33. Qh4 f5 34. Rh3 Kf7 35. Qh7+ Ke8 36. Qxb7 Nxb7 37. Bb5+ Kd8 38. Rh7 Rc7 39. Rxc7 Kxc7 40. Rc1+ Kb6 41. Bd7 Nd8 42. Ra1 Rf7 43. Ba4 Ra7 44. Rc1 Rc7 45. Rxc7 Kxc7 46. f4 Nc6 47. Kf2 Na5 48. Ke3 Kb6 49. Kd4 Nb7 50. Be8 Nc5 51. Bxg6 Nxb3+ 52. Kd3 Nc5+ 53. Kc2 Kb5 54. Bh5 Kc4 55. g4 fxg4 56. Bxg4 Kd4 57. Bf3 b3+ 58. Kb1 Nd3 59. f5 Kxe5 60. fxe6 Kxe6 61. Bd1 Nc5 62. Kb2 Ke5 63. Kc3 Ke4 64. Bh5 Ke3 65. Bg6 d4+ 66. Kb2 d3 67. Kc3 d2 68. Bh5 1/2-1/2

[Event "Oberliga Sued W 0203"]
[Site "Germany"]
[Date "2002.11.17"]
[Round "4.5"]
[White "Kreuscher, Wolfgang2"]
[Black "Koehler, Patrick"]
[Result "0-1"]
[WhiteElo "1982"]
[BlackElo "2226"]
[PlyCount "110"]
[EventDate "2002.10.??"]
[EventType "team-tourn"]
[EventRounds "9"]
[EventCountry "GER"]
[SourceTitle "EXT 2005"]
[Source "ChessBase"]
[SourceDate "2004.11.15"]
[SourceVersion "1"]
[SourceVersionDate "2004.11.15"]
[SourceQuality "1"]

1. e4 c6 2. c4 d5 3. exd5 cxd5 4. cxd5 Nf6 5. Nc3 Nxd5 6. Bc4 e6 7. Nf3 Nc6 8. d4 Be7 9. 0-0 0-0 10. Re1 Nxc3 11. bxc3 Bf6 12. Bd3 Ne7 13. Qe2 Qc7 14. Qe4 Ng6 15. h4 Bd7 16. h5 Bc6 17. Qe3 Ne7 18. Ng5 Nf5 19. Qh3 h6 20. Rxe6 Bxg5 21. Qxf5 g6 22. Rxc6 Qxc6 23. hxg6 fxg6 24. Qxg6+ Qxg6 25. Bxg6 Rac8 26. Bxg5 hxg5 27. Rc1 Rfd8 28. Be4 b6 29. Kf1 Rxd4 30. Bf5 Rc5 31. Be6+ Kg7 32. Rc2 Rd6 33. Bb3 Kf6 34. Ke1 Re5+ 35. Re2 Rc6 36. c4 Rxe2+ 37. Kxe2 Ke5 38. Ke3 Rc7 39. g3 Re7 40. f4+ gxf4+ 41. gxf4+ Kf5+ 42. Kf3 Kf6 43. Kg4 Re3 44. Bc2 Ra3 45. Bb3 a5 46. c5 bxc5 47. Bd5 a4 48. f5 Ke5 49. Be6 Rc3 50. Bf7 a3 51. Be6 c4 52. Bf7 Rc2 53. Be6 Rxa2 54. Bxc4 Rg2+ 55. Kf3 a2 0-1

[Event "RLP-ch MTA 21th"]
[Site "Bad Bergzabern"]
[Date "2002.??.??"]
[Round "2"]
[White "Dausch, Rene"]
[Black "Koehler, Patrick"]
[Result "1-0"]
[WhiteElo "2345"]
[BlackElo "2170"]
[PlyCount "111"]
[EventDate "2002.??.??"]
[EventType "swiss"]
[EventRounds "10"]
[EventCountry "GER"]
[SourceTitle "EXT 2009"]
[Source "ChessBase"]
[SourceDate "2008.11.26"]
[SourceVersion "1"]
[SourceVersionDate "2008.11.26"]
[SourceQuality "1"]

1. d4 Nf6 2. Nf3 g6 3. Bf4 Bg7 4. e3 0-0 5. h3 d5 6. Be2 c5 7. c3 Nc6 8. Nbd2 Qb6 9. Qb3 c4 10. Qxb6 axb6 11. 0-0 h6 12. Ne5 b5 13. a3 g5 14. Bh2 Bf5 15. Rae1 Nxe5 16. Bxe5 Nd7 17. Bxg7 Kxg7 18. f4 Bh7 19. Bf3 Bd3 20. Rf2 e6 21. fxg5 hxg5 22. e4 Nb6 23. exd5 exd5 24. Re7 Rab8 25. Bh5 Bg6 26. Bxg6 Kxg6 27. Nf3 f6 28. Re6 Na4 29. Ne5+ Kg7 30. Nd7 Rfe8 31. Rexf6 Rbd8 32. Nc5 Re1+ 33. Kh2 Nxc5 34. dxc5 Re2 35. Rf7+ Kg8 36. Rf8+ Kg7 37. Rxe2 Kxf8 38. Re6 Rc8 39. Rb6 Rxc5 40. Rxb7 Kg8 41. Kg3 Kf8 42. Kf3 d4 43. cxd4 c3 44. bxc3 Rxc3+ 45. Kg4 Rb3 46. Kxg5 Rg3+ 47. Kf6 Ke8 48. Rxb5 Rxg2 49. Rb3 Rd2 50. Ke6 Re2+ 51. Kd6 Ra2 52. d5 Ra1 53. h4 Rh1 54. Rb4 Rh2 55. a4 Rh1 56. Kc6 1-0

[Event "RLP-ch MTA 21th"]
[Site "Bad Bergzabern"]
[Date "2002.??.??"]
[Round "3"]
[White "Koehler, Patrick"]
[Black "Lares, Harald"]
[Result "0-1"]
[WhiteElo "2170"]
[BlackElo "1985"]
[PlyCount "86"]
[EventDate "2002.??.??"]
[EventType "swiss"]
[EventRounds "10"]
[EventCountry "GER"]
[SourceTitle "EXT 2009"]
[Source "ChessBase"]
[SourceDate "2008.11.26"]
[SourceVersion "1"]
[SourceVersionDate "2008.11.26"]
[SourceQuality "1"]

1. d4 Nf6 2. c4 c5 3. d5 e6 4. Nc3 exd5 5. cxd5 d6 6. Nf3 g6 7. e4 Bg7 8. a4 0-0 9. Be2 Bg4 10. Nd2 Bxe2 11. Qxe2 Re8 12. 0-0 Na6 13. Re1 Nb4 14. Qd1 h5 15. Nc4 Ng4 16. Bf4 Bd4 17. Re2 Qf6 18. Qd2 Nd3 19. Bg3 Nxb2 20. Nxb2 Bxc3 21. Qc1 Rxe4 22. Rxe4 Bxb2 23. Rf4 Qg7 24. Qb1 Bxa1 25. h3 Ne5 26. Qxb7 Qf8 27. Bh4 Rb8 28. Qxa7 Rb1+ 29. Kh2 Nd3 30. Re4 Be5+ 31. Bg3 h4 32. Rxh4 Qd8 33. Bxe5 Nxe5 34. Rf4 Rb4 35. Rxb4 cxb4 36. f4 Nd3 37. Qd4 Nc5 38. Qxb4 Qf6 39. a5 Kg7 40. a6 Nxa6 41. Qc4 Nc5 42. Qf1 Qd4 43. f5 Qe5+ 0-1